Country By Architecture - Statistics

General Stats
  • This quiz has been taken 460 times
    455 since last reset
  • The average score is 11 of 16
Answer Stats
Picture Answer % Correct
Greece - House in Santorini
98%
Australia - Sydney Opera House
96%
France - Musée du Louvre
96%
Russia - St. Basil's Cathedral
89%
Italy - Cinque Terre
83%
Spain - Casa Milà
81%
Turkey - Hagia Sophia
79%
Malaysia - Petronas Towers
77%
China - Potala Palace
66%
United Arab Emirates - Burj Khalifa
57%
Israel - Dome of the Rock
55%
Vatican City - Sistine Chapel
51%
India - The Lotus Temple
45%
Canada - Château Frontenac
35%
Czechia - Dancing House
35%
United States - Tee Pee
26%
No matching quizzes found
Score Distribution
Percent of People with Each Score
Percentile by Number Answered
Your Score History
You have not taken this quiz since the last reset